000 00326nam a2200133Ia 4500
008 240624s9999 xx 000 0 und d
041 _aeng
082 _a153 DUN
100 _aDUNLOSKY JOHN
245 _aMETACOGNITION
260 _c2009
_aNew Delhi
_bSage Publications
300 _aix, : 334 : p. : cm. ; 23
365 _c
_b30
999 _c12949
_d12949